عرض عادي
عرض مارك
- Poole, Richard
مدخل إسم شخص
001 - رقم الضبط
- حقل الضبط: 57121
003 - معرف رقم الضبط
- حقل الضبط: OSt
005 - تاريخ ووقت أخر عملية
- حقل الضبط: 20161205102130.0
008 - عناصر بيانات ثابتة الطول
- حقل تحكم ثابت الطول: 161205|| aca||aabn | a|a d
040 ## - مصدر الفهرسة
- هيئة الفهرسة الأصلية: OSt
- وكالة الكتابة: OSt
100 ## - مدخل -- أسم شخص
- إسم شخص: Poole, Richard
670 ## - بيانات المصدر موجوده
- الاستشهاد بالمصدر: Work cat.: (OSt)0: Oxford learner's thesaurus :, 2008
